000 00700nam a2200217Ii 4500
003 JO-AjNU
008 230606s9999||||xx |||||||||||||| ||und||
020 _a978-0-13-233493-8/0-13-233493-3
040 _aJO-AjNU
_beng
_erda
_cJO-AjNU
041 _aeng
050 1 4 _aHF1017 .G73 .2011
100 3 _aGroebner, David F/Patrick W. Shannon/Phillip C. Fry/Kent D. Smith,
_eauthor
_91716
245 0 0 _aBusiness Statistics :A Decision -Making Approach
250 _a7th ed
264 3 1 _aNew Jersey:pearson Prentice Hall,2011
300 _a1040p
336 _atext
_btxt
_2rdacontent
337 _aunmediated
_bn
_2rdamedia
338 _avolume
_bnc
_2rdacarrier
650 4 _aCommercial statistics
_91717
999 _aE906
_c906
_d906